Sports Quiz

Random Sports or Soccer Quiz

EURO 2016 players born elsewhere Quiz Stats

 Plays Quiz not verified by Sporcle

Challenge
Share
Tweet
Embed
Score 0/88 Timer 08:00
0 Plays Today
Country represent Player % Correct
AlbaniaTaulant Xhaka
71.2%
SwitzerlandXherdan Shaqiri
56.6%
WalesAshley Williams
52%
WalesGeorge Williams
52%
WalesJonny Williams
52%
FrancePatrice Evra
48%
ItalyEder
47%
PortugalEder
47%
GermanyLukas Podolski
42.9%
EnglandRaheem Sterling
41.4%
PortugalNani
40.4%
PortugalPepe
36.9%
AlbaniaLorik Cana
34.8%
WalesHal Robson-Kanu
33.3%
SwitzerlandValon Behrami
32.8%
CroatiaIvan Rakitic
28.3%
SwitzerlandBreel Embolo
26.8%
PortugalWilliam Carvalho
26.3%
SwitzerlandBlerim Dzemaili
25.3%
SwitzerlandJohan Djourou
25.3%
FranceSteve Mandanda
24.7%
SwitzerlandAdmir Mehmedi
24.2%
BelgiumChristian Benteke
24.2%
ItalyThiago Motta
24.2%
Northern IrelandJamie Ward
23.7%
RussiaRoman Neustadter
23.2%
TurkeyNuri Sahin
21.7%
TurkeyHakan Calhanoglu
21.7%
TurkeyEmre Mor
20.7%
IrelandJames McCarthy
19.2%
Country represent Player % Correct
IrelandAiden McGeady
18.7%
AlbaniaEtrit Berisha
17.7%
SpainThiago Alcantara
17.2%
IrelandJames McClean
16.7%
IrelandJonathan Walters
16.7%
Northern IrelandWill Grigg
16.2%
PortugalAdrien Silva
16.2%
SwitzerlandGelson Fernandes
15.7%
WalesSam Vokes
15.7%
WalesJames Chester
15.2%
PortugalRaphael Guerreiro
14.1%
FranceSamuel Umtiti
13.1%
CroatiaVedran Corluka
13.1%
IrelandCiaran Clark
12.6%
PortugalDanilo Pereira
12.6%
AustriaZlatko Junuzovic
12.1%
AlbaniaShkelzen Gashi
11.6%
CroatiaMateo Kovacic
11.6%
WalesAndy King
11.1%
AlbaniaMergim Mavraj
10.6%
WalesDavid Edwards
10.6%
AlbaniaErmir Lenjani
10.1%
WalesSimon Church
10.1%
Northern IrelandConor Washington
10.1%
PortugalAnthony Lopes
10.1%
SwedenErkan Zengin
9.6%
PortugalCedric Soares
8.6%
SwitzerlandFrancois Moubandje
8.1%
IrelandKeiren Westwood
8.1%
IrelandRichard Keogh
8.1%
Country represent Player % Correct
IrelandCyrus Christie
8.1%
AlbaniaArlind Ajeti
7.1%
RussiaGuilherme Marinato
7.1%
AustriaGyorgy Garics
7.1%
AlbaniaAmir Abrashi
6.6%
Northern IrelandOliver Norwood
6.6%
TurkeyYunus Malli
6.6%
IrelandShane Duffy
6.6%
AustriaMartin Harnik
6.6%
PolandThiago Cionek
6.1%
TurkeyOguzhan Ozyakup
6.1%
AustriaRubin Okotie
6.1%
HungaryNemanja Nikolic
6.1%
AlbaniaMigjen Basha
5.6%
UkraineAndriy Yarmolenko
5.6%
TurkeyHakan Balta
5.6%
AlbaniaBurim Kukeli
5.1%
BelgiumChristian Kabasele
5.1%
TurkeyCenk Tosun
4.5%
SwedenEmir Kujovic
4.5%
Northern IrelandAlan Mannus
4%
TurkeyOlcay Sahan
3.5%
AlbaniaFreddie Veseli
3%
Northern IrelandLee Hodson
3%
IcelandKari Arnason
3%
HungaryTamas Priskin
3%
AlbaniaNaser Aliji
2.5%
SlovakiaMichal Duris
1.5%

You're not logged in!

Compare scores with friends on all Sporcle quizzes.
Join for Free
OR
Log In

You Might Also Like...

Show Comments

Extras

Top Quizzes Today


Score Distribution

Your Account Isn't Verified!

In order to create a playlist on Sporcle, you need to verify the email address you used during registration. Go to your Sporcle Settings to finish the process.

Report this User

Report this user for behavior that violates our Community Guidelines.

Details: